Basic electrical and electronics engineering
Sparad:
| Huvudupphovsman: | |
|---|---|
| Materialtyp: | Bok |
| Språk: | engelska |
| Publicerad: |
CBS Publishers
2019
|
| Taggar: |
Lägg till en tagg
Inga taggar, Lägg till första taggen!
|
MARC
| LEADER | 00000nam a22000007a 4500 | ||
|---|---|---|---|
| 008 | 240708b |||||||| |||| 00| 0 eng d | ||
| 020 | |a 9789388327503 | ||
| 100 | |a SHRIVASTAVA, Shikha | ||
| 245 | |a Basic electrical and electronics engineering |c /Shikha Shrivastava |g xiv | ||
| 260 | |b CBS Publishers |c 2019 |h New Delhi |i 701502 |i 701503 |i 701504 |i 701505 |l TK146.Sh8 |m Electrical engineering | ||
| 942 | |a lcc |c BK |e Johnson |f 08/07/24 | ||
| 952 | |0 0 |1 0 |2 lcc |4 0 |6 TK0146 S H8 |7 0 |9 5370 |a TL |b HOL |c QZ |d 2024-07-08 |l 0 |o TK146.Sh8 |p 2024-0611 |r 2024-07-08 00:00:00 |t 701502 |w 2024-07-08 |y BK | ||
| 952 | |0 0 |1 0 |2 lcc |4 0 |6 TK0146 S H8 |7 0 |9 5371 |a TL |b HOL |c QZ |d 2024-07-08 |l 0 |o TK146.Sh8 |p 2024-0612 |r 2024-07-08 00:00:00 |t 701503 |w 2024-07-08 |y BK | ||
| 952 | |0 0 |1 0 |2 lcc |4 0 |6 TK0146 S H8 |7 0 |9 5372 |a HOL |b HOL |c QZ |d 2024-07-08 |l 0 |o TK146.Sh8 |p 2024-0613 |r 2024-07-08 00:00:00 |t 701504 |w 2024-07-08 |y BK | ||
| 952 | |0 0 |1 0 |2 lcc |4 0 |6 TK0146 S H8 |7 0 |9 5373 |a HOL |b HOL |c QZ |d 2024-07-08 |l 0 |o TK146.Sh8 |p 2024-0614 |r 2024-07-08 00:00:00 |t 701505 |w 2024-07-08 |y BK | ||
| 999 | |c 2658 |d 2658 | ||